Fermentation technology, Vol.2 / (Record no. 13539)
[ view plain ]
| 000 -LEADER | |
|---|---|
| fixed length control field | 00358cam a2200145ua 4500 |
| 041 ## - LANGUAGE CODE | |
| Language code of text/sound track or separate title | eng |
| 082 ## - DEWEY DECIMAL CLASSIFICATION NUMBER | |
| Classification number | 664.024 |
| Item number | MOD/FE |
| 100 ## - MAIN ENTRY--AUTHOR NAME | |
| Personal name | Modi, H.A . |
| 245 ## - TITLE STATEMENT | |
| Title | Fermentation technology, Vol.2 / |
| 260 ## - PUBLICATION, DISTRIBUTION, ETC. (IMPRINT) | |
| Place of publication | Jaipur : |
| Name of publisher | Pointer publishers , |
| Year of publication | 2009. |
| 300 ## - PHYSICAL DESCRIPTION | |
| Number of Pages | ; . |
| 942 ## - ADDED ENTRY ELEMENTS (KOHA) | |
| Koha item type | Books |
| Withdrawn status | Lost status | Damaged status | Home library | Current library | Shelving location | Date acquired | Full call number | Accession Number | Koha item type |
|---|---|---|---|---|---|---|---|---|---|
| KAUAET | KAUAET | Reference1 | 07/04/2012 | 664.024 | 22018 | Reference |
